| 000 | 00518nam a22001697a 4500 | ||
|---|---|---|---|
| 003 | NUST | ||
| 038 | _aNusrat Nadeem | ||
| 082 | _a200 | ||
| 100 |
_aAkhter, Shehnaz _9123721 |
||
| 245 |
_aEccentricity based graph invariants of extremal graphs/ _cShehnaz Akhter |
||
| 264 |
_aIslamabad; _bSNS NUST; _c2020; |
||
| 300 |
_a112,p; _bill; _c30,cm. |
||
| 650 |
_aPhD-Mathematics _9123169 |
||
| 700 |
_aSupervisor:Dr.Rashid Farooq _9123718 |
||
| 856 | _uhttp://10.250.8.41:8080/xmlui/handle/123456789/3827 | ||
| 942 |
_2ddc _cSC |
||
| 999 |
_c609814 _d609814 |
||